000 01299nam2a22002771 4500
001 v19\rc\1500658
005 20250618162135.0
035 _a(NLR Aleph) 004627917
090 _a3127879
_c3127879
100 _a20060620d1903 |||y0rusy50 ca
101 0 _arus
102 _aRU
105 _ay z |||||
200 0 _aза 1902 год
_fСост. ст. врачом В.А. Петровым
210 _d1903
_aБ. м.
215 _a[2], 158, 39, CXIII с.
461 0 _1001v19\rc\1500643
_12001#$aОтчет Полтавской губернской земской больницы, Фельдшерской школы и Оспенного телятника...$vза 1902 год
_93127687
_aПолтавская губ. земская больница
_cПолтава
_d1882-1905
_tОтчет Полтавской губернской земской больницы, Фельдшерской школы и Оспенного телятника...
_vза 1902 год
702 1 _aПетров
_bВ.А.
_gВладимир Алексеевич
_4220
801 0 _aRU
_bNLR
_gpsbo
801 0 _aRU
_bRuMoRGB
_2psbo
801 1 _aRU
_bProSoft-M
_2rusmarc
852 _aNLR
_bЗем
_j31/О12
899 _aRuMoRGB (1881-1904*)
_jL 29/150
899 _aRuMoRGB (1881-1904*)
_jF 195/25
942 _cBOOK
980 _aNB